Communicating research

Αποθηκεύτηκε σε:
Λεπτομέρειες βιβλιογραφικής εγγραφής
Κύριος συγγραφέας: Meadows, A. J. (Arthur Jack)
Μορφή: Βιβλίο
Γλώσσα:English
Δημοσίευση: San Diego : Academic Press, c1998
Σειρά:Library and information science
Θέματα:
Ετικέτες: Προσθήκη ετικέτας
Δεν υπάρχουν, Καταχωρήστε ετικέτα πρώτοι!

MARC

LEADER 00000nam a2200000 i 4500
001 1/95918
008 000201s1998 eng d
020 |a 0124874150 
035 |l 10055515 
040 |a GR-MY-UA  |b gre  |e aacr 
041 0 |a eng 
082 0 |a 001.4014 
100 1 |a Meadows, A. J.  |q (Arthur Jack) 
245 1 0 |a Communicating research /  |c A. J. Meadows 
260 |a San Diego :   |b Academic Press,   |c c1998 
300 |a x, 266 p.;  |b ill.;  |c 24 cm. 
490 1 |a Library and information science 
504 |a Includes bibliographical references and index 
650 0 0 |a Research  |x Communications systems. 
650 0 0 |a Communication of technical information. 
830 0 |a Library and information science 
852 |a INST  |b SAMOS  |e 20000201  |h 001.4014 MEA  |p 005300016274  |q 005300016274  |t BK  |y 0 
901 |a BIBL3-2000-1 
909 |a Σ  |b 071033 
922 |a 3ΕΛΗ  |b 199911  |c ΤΠΕΣ  |d ΠΑΠΑΣΩΤΗΡΙΟΥ 
950 |a 133-1999-07-20 
970 |a ΠΟΥΡΝΑΡΑΣ  |b ΔΗΜΗΤΡΗΣ  |z 2000/02/01